Statistics for Countries with more than one R in their name

Click here to take the quiz!

General Stats

  • This quiz has been taken 34 times
  • The average score is 5 of 8

Answer Stats

Answer% Correct
Central African Republic
85%
Democratic Republic of the Congo
85%
North Korea
74%
United Arab Emirates
74%
Federated States of Micronesia
63%
Eritrea
59%
Andorra
44%
Sierra Leone
37%

Score Distribution

Percentile by Number Answered

Percent of People with Each Score

Your Score History

You have not taken this quiz